| 000 | 00827nam a2200205 a 4500 | ||
|---|---|---|---|
| 001 | 000043249 | ||
| 005 | 20250909091242.0 | ||
| 008 | 140303s2011 sp 000 0 spa d | ||
| 020 | _a9788483471449 | ||
| 040 |
_aDO-SdBNP _bspa _cBNPHU |
||
| 245 | 0 | 0 |
_aCómo evaluar intervenciones de cultura y desarrollo II : _buna propuesta de sistemas de indicadores / _ccoordinador: Salvador Carrasco Arroyo. |
| 260 |
_aMadrid : _bAECID, _c2011. |
||
| 300 |
_a325 p. ; _c23 cm. |
||
| 490 | 1 |
_aCultura y Desarrollo _v13 |
|
| 504 | _aIncluye referencias bibliográficas y notas al pie de las páginas | ||
| 700 | 1 |
_aCarrasco Arroyo, Salvador _ecoor. _970851 |
|
| 710 | 2 |
_aAgencia Española de Cooperación Internacional _934585 |
|
| 710 | 2 |
_aAgencia Española de Cooperación Internacional _934585 |
|
| 830 | 0 |
_aCultura y Desarrollo _v13 _970835 |
|
| 999 |
_c42738 _d42738 |
||